| 000 | 00755nam a2200253Ia 4500 | ||
|---|---|---|---|
| 003 | OSt | ||
| 005 | 20221005102621.0 | ||
| 006 | a|||||r|||| 00| 0 | ||
| 007 | ta | ||
| 008 | 221004b |||||||| |||| 00| 0 eng d | ||
| 020 |
_a9781118795354 (pbk) _c3148.34 |
||
| 024 | _a21776 | ||
| 037 |
_b1355, 18/03/2015, The Book Seller _cTextual |
||
| 040 |
_aCRL _cCRL _beng |
||
| 041 |
_2eng _aeng |
||
| 082 | _aO111973,1:g, Q5 | ||
| 100 | _aGray Richard | ||
| 245 | 0 | _aHistory of American poetry | |
| 260 |
_aWest Sussex _bJohn Wiley & sons UK _c2015 |
||
| 300 |
_axiii,528p. _ccm. |
||
| 650 | _aENGLISH LITERATURE | ||
| 942 |
_hO111973,1:g, Q5 _cTEXL _2cc |
||
| 999 |
_c1008674 _d1008674 |
||